Statistics for WW2

Click here to take the quiz!

General Stats

  • This quiz has been taken 42 times
  • The average score is 8 of 11

Answer Stats

QuestionAnswer% Correct
When WW2 started?1939 1 September
95%
When Japan Surrender?1945
92%
When D-Day happend?1944
89%
When Boming On Hiroshima and Nagasaki Happend?1945
89%
When Germany Surrender?1945
86%
When Poland was invaded by Germany and USSR?1939
84%
When Germany Declared war on USSR?1941
76%
When Germany Declared war on france?1939 3 September
68%
When WW2 Ended1945 2 September
65%
When Holocaust happend?1941
49%
When Japan Declared war on USA1942
16%

Score Distribution

Percentile by Number Answered

Percent of People with Each Score

Your Score History

You have not taken this quiz